African studies review
| Título anterior: | African studies bulletin (Online) ASA review of books (Online) |
|---|---|
| Autor Corporativo: | |
| Formato: | Electrónico Revista |
| Lenguaje: | inglés |
| Publicado: |
East Lansing, Mich. :
African Studies Center, Michigan State University,
1970-
New York, NY ; Cambridge, UK : Cambridge University Press |
| Materias: | |
| Acceso en línea: | Full text available from Research Library: 04/01/2003 to 1 year ago |
MARC
| LEADER | 00000nas a2200000 a 4500 | ||
|---|---|---|---|
| 001 | ssj0017965 | ||
| 003 | WaSeSS | ||
| 005 | 20200512172242.0 | ||
| 006 | m d | ||
| 007 | cr n | ||
| 008 | 021211c19709999nyuqr pss o 0 a0eng c | ||
| 010 | |a 2002227372 | ||
| 015 | |a GBB400725 |2 bnb | ||
| 016 | 7 | |a 2065764-X |2 DE-600 | |
| 016 | 7 | |a 016447307 |2 Uk | |
| 022 | |a 1555-2462 |l 0002-0206 |y 0002-0206 | ||
| 035 | |a (WaSeSS)ssj0017965 | ||
| 040 | |a EYM |b eng |e pn |c EYM |d OCLCQ |d OCL |d DLC |d UQ1 |d NSD |d OCLCQ |d DLC |d OCLCQ |d OCLCO |d DLC |d OCLCF |d OCLCO |d OCLCQ |d DEBBG |d DEFHM |d OCLCO |d NLE |d GILDS |d TOF |d OCLCO |d UKMGB |d VT2 |d NJT |d OCLCE |d LIP |d UAB |d FIE |d AU@ |d NTG |d UKBTH |d UHL |d OCLCA |d OCLCQ |d DLC |d OCLCQ |d WaSeSS | ||
| 042 | |a pcc |a nsdp | ||
| 043 | |a f------ | ||
| 050 | 0 | 0 | |a DT1 |
| 082 | 1 | 0 | |a 916 |2 14 |
| 222 | 0 | |a African studies review |b (Online) | |
| 245 | 0 | 0 | |a African studies review |h [electronic resource]. |
| 260 | |a East Lansing, Mich. : |b African Studies Center, Michigan State University, |c 1970- | ||
| 260 | 3 | |3 <2013-> : |a New York, NY ; |a Cambridge, UK : |b Cambridge University Press | |
| 310 | |a 4 issues per year, |b 2019- | ||
| 321 | |a 3 no. a year, |b 1987-2018 | ||
| 321 | |a Three no. a year, |b 1970-1980 | ||
| 321 | |a Quarterly, |b 1981-1986 | ||
| 362 | 0 | |a Vol. 13, no. 1 (Apr. 1970)- | |
| 500 | |a Publisher varies: African Studies Association, Sept. 1974- | ||
| 500 | |a Published: Project Muse : Baltimore, Md., <2005-> | ||
| 506 | |a License restrictions may limit access. | ||
| 538 | |a Mode of access: World Wide Web. | ||
| 538 | |a Master and use copy. Digital master created according to Benchmark for Faithful Digital Reproductions of Monographs and Serials, Version 1. Digital Library Federation, December 2002. |u http://purl.oclc.org/DLF/benchrepro0212 |5 MiAaHDL | ||
| 550 | |a Published for: African Studies Association, 1970-Apr. 1974. | ||
| 550 | |a DLC. | ||
| 583 | 1 | |a digitized |c 2010 |h HathiTrust Digital Library |l committed to preserve |2 pda |5 MiAaHDL | |
| 588 | 0 | |a Print version record. | |
| 588 | 1 | |a Volume 63, issue 1 (March 2020) (Cambridge Core, viewed March 23, 2020). | |
| 650 | 0 | |a African philology |v Periodicals. | |
| 650 | 6 | |a Philologie africaine |v Périodiques | |
| 650 | 7 | |a African philology. |2 fast |0 (OCoLC)fst00799876 | |
| 650 | 7 | |a Études africaines. |2 rasuqam | |
| 651 | 0 | |a Africa |v Periodicals. | |
| 651 | 6 | |a Afrique noire |v Périodiques | |
| 651 | 6 | |a Afrique |x Étude et enseignement |v Périodiques | |
| 651 | 7 | |a Africa. |2 fast |0 (OCoLC)fst01239509 | |
| 651 | 7 | |a Afrika |2 gnd | |
| 651 | 7 | |a Afrique. |2 rasuqam | |
| 655 | 0 | |a Electronic journals. | |
| 710 | 2 | |a African Studies Association. | |
| 776 | 1 | |t African studies review |x 0002-0206 |w (DLC) 77612664 |w (OCoLC)1461411 | |
| 780 | 0 | 0 | |t African studies bulletin (Online) |x 2326-3083 |w (DLC) 2002227371 |w (OCoLC)51205608 |
| 780 | 0 | 5 | |t ASA review of books (Online) |x 2326-3075 |w (DLC) 2002227370 |w (OCoLC)51205596 |
| 850 | |a DLC | ||
| 856 | 4 | 0 | |z Full text available from Research Library: 04/01/2003 to 1 year ago |u https://search.proquest.com/publication/13280 |